[Event "Madrid ch 2002-2003 - Final"]
[Site "Madrid ESP"]
[Date "2003.03.14"]
[Round "5.1"]
[White "Paredes Sanchez, Juan"]
[Black "Anghel, Valentin"]
[Result "1/2-1/2"]
[WhiteElo "2182"]
[BlackElo "2382"]
[PlyCount "47"]
[EventDate "2003.03.10"]
[EventType "tourn"]
[EventRounds "11"]
[EventCountry "ESP"]
[EventCategory "1"]
[Source "lmi"]
[SourceDate "2003.03.10"]

1. e4 c6 2. d4 d5 3. Nc3 dxe4 4. Nxe4 Nd7 5. Ng5 Ngf6 6. Bd3 e6 7. N1f3 Bd6 8.
Qe2 h6 9. Ne4 Nxe4 10. Qxe4 Nf6 11. Qe2 Qc7 12. Bd2 b6 13. O-O-O Bb7 14. Kb1
O-O-O 15. c4 c5 16. Bc3 Rhe8 17. Rhe1 Re7 18. Bc2 cxd4 19. Nxd4 a6 20. Nf3 Red7
21. Ne5 Bxe5 22. Bxe5 Rxd1+ 23. Bxd1 Be4+ 24. Qxe4 1/2-1/2

[Event "Madrid ch 2002-2003 - Final"]
[Site "Madrid ESP"]
[Date "2003.03.14"]
[Round "5.2"]
[White "Solaesa Navalpotro, Luis Julio"]
[Black "Roa Alonso, Santiago"]
[Result "1/2-1/2"]
[WhiteElo "2188"]
[BlackElo "2326"]
[PlyCount "31"]
[EventDate "2003.03.10"]
[EventType "tourn"]
[EventRounds "11"]
[EventCountry "ESP"]
[EventCategory "1"]
[Source "lmi"]
[SourceDate "2003.03.10"]

1. d4 e6 2. c4 Nf6 3. Nf3 b6 4. a3 Bb7 5. Nc3 d5 6. Bg5 Be7 7. Bxf6 Bxf6 8.
cxd5 exd5 9. Qa4+ c6 10. g3 O-O 11. Bg2 Re8 12. O-O Nd7 13. Rad1 a6 14. b4 a5
15. Qc2 axb4 16. axb4 1/2-1/2

[Event "Madrid ch 2002-2003 - Final"]
[Site "Madrid ESP"]
[Date "2003.03.14"]
[Round "5.4"]
[White "Rodriguez Cordon, Luis"]
[Black "Rodriguez Gonzalez, Jose Manuel"]
[Result "1-0"]
[WhiteElo "2207"]
[BlackElo "2159"]
[PlyCount "73"]
[EventDate "2003.03.10"]
[EventType "tourn"]
[EventRounds "11"]
[EventCountry "ESP"]
[EventCategory "1"]
[Source "lmi"]
[SourceDate "2003.03.10"]

1. d4 d5 2. c4 e6 3. Nc3 Nf6 4. cxd5 exd5 5. Bg5 Be7 6. e3 O-O 7. Bd3 Nbd7 8.
Qc2 c6 9. Nf3 Re8 10. O-O Nf8 11. Rae1 Ne4 12. Bxe7 Qxe7 13. Bxe4 dxe4 14. Nd2
f5 15. f3 exf3 16. Nxf3 Qd8 17. Qb3+ Be6 18. Qxb7 Bc4 19. Rf2 Qd6 20. Ne5 Bd5
21. Nxd5 Qxd5 22. b3 Ng6 23. Rxf5 Qe4 24. Rf7 Nxe5 25. Rxg7+ Kh8 26. dxe5 Rg8
27. Rg3 Rxg3 28. hxg3 Rg8 29. Qf7 Rxg3 30. Qf8+ Rg8 31. Qf6+ Rg7 32. Re2 Qd3
33. Qf3 Qb1+ 34. Kh2 Qa1 35. Qf8+ Rg8 36. Qf6+ Rg7 37. Rd2 1-0

[Event "Madrid ch 2002-2003 - Final"]
[Site "Madrid ESP"]
[Date "2003.03.14"]
[Round "5.5"]
[White "Perez Gonzalez, Jose Manuel"]
[Black "Longa Yauca, Javier"]
[Result "1/2-1/2"]
[WhiteElo "2238"]
[BlackElo "2354"]
[PlyCount "71"]
[EventDate "2003.03.10"]
[EventType "tourn"]
[EventRounds "11"]
[EventCountry "ESP"]
[EventCategory "1"]
[Source "lmi"]
[SourceDate "2003.03.10"]

1. e4 d5 2. exd5 Qxd5 3. Nc3 Qa5 4. d4 Nf6 5. Nf3 Bg4 6. h3 Bxf3 7. Qxf3 c6 8.
Bc4 e6 9. Bd2 Qb6 10. O-O-O Nbd7 11. Bf4 O-O-O 12. Rd3 Qb4 13. Bb3 Bd6 14. Bd2
Qb6 15. g4 h6 16. h4 Kb8 17. g5 hxg5 18. hxg5 Rxh1+ 19. Qxh1 Nd5 20. Bxd5 exd5
21. Qh7 Bf8 22. Qg8 f6 23. Bf4+ Kc8 24. Qf7 Qb4 25. gxf6 gxf6 26. Bh2 Qe7 27.
Qg6 Qg7 28. Qxg7 Bxg7 29. Rh3 Rh8 30. Rxh8+ Bxh8 31. Kd2 Nb6 32. b3 Kd7 33. Kd3
Bg7 34. Bf4 Ke6 35. Nd1 Nc8 36. Ne3 1/2-1/2

[Event "Madrid ch 2002-2003 - Final"]
[Site "Madrid ESP"]
[Date "2003.03.14"]
[Round "5.6"]
[White "Almagro Llanas, Pablo"]
[Black "Vazquez Igarza, Renier"]
[Result "1/2-1/2"]
[WhiteElo "2345"]
[BlackElo "2428"]
[PlyCount "52"]
[EventDate "2003.03.10"]
[EventType "tourn"]
[EventRounds "11"]
[EventCountry "ESP"]
[EventCategory "1"]
[Source "lmi"]
[SourceDate "2003.03.10"]

1. e4 c5 2. Nf3 d6 3. d4 cxd4 4. Nxd4 Nf6 5. Nc3 a6 6. f3 e5 7. Nb3 Be6 8. Be3
Be7 9. Qd2 O-O 10. O-O-O Qc7 11. g4 Rc8 12. g5 Nh5 13. Nd5 Bxd5 14. exd5 Nd7
15. Bh3 a5 16. Kb1 a4 17. Nc1 a3 18. b3 Nf4 19. Bxf4 exf4 20. Bxd7 Qxd7 21. h4
Bf8 22. Nd3 g6 23. Nf2 Qf5 24. Rhe1 Bg7 25. Qd3 Qd7 26. Ne4 b5 1/2-1/2

[Event "Madrid ch 2002-2003 - Final"]
[Site "Madrid ESP"]
[Date "2003.03.17"]
[Round "6.1"]
[White "Anghel, Valentin"]
[Black "Vazquez Igarza, Renier"]
[Result "0-1"]
[WhiteElo "2382"]
[BlackElo "2428"]
[PlyCount "50"]
[EventDate "2003.03.10"]
[EventType "tourn"]
[EventRounds "11"]
[EventCountry "ESP"]
[EventCategory "1"]
[Source "lmi"]
[SourceDate "2003.03.10"]

1. d4 Nf6 2. c4 e6 3. Nc3 Bb4 4. e3 b6 5. Nge2 Ba6 6. a3 Bxc3+ 7. Nxc3 d5 8. b3
O-O 9. Be2 dxc4 10. Bxc4 Bxc4 11. bxc4 Nc6 12. Bb2 Na5 13. Qd3 Qd7 14. d5 c6
15. Rd1 Rad8 16. e4 exd5 17. cxd5 cxd5 18. Nxd5 Nxd5 19. exd5 Rfe8+ 20. Kf1 Qg4
21. h4 Nc4 22. Bc1 Ne5 23. Qd2 Rd6 24. Rh3 Rg6 25. f4 Nc4 0-1

[Event "Madrid ch 2002-2003 - Final"]
[Site "Madrid ESP"]
[Date "2003.03.17"]
[Round "6.2"]
[White "Longa Yauca, Javier"]
[Black "Almagro Llanas, Pablo"]
[Result "1-0"]
[WhiteElo "2345"]
[BlackElo "2354"]
[PlyCount "63"]
[EventDate "2003.03.10"]
[EventType "tourn"]
[EventRounds "11"]
[EventCountry "ESP"]
[EventCategory "1"]
[Source "lmi"]
[SourceDate "2003.03.10"]

1. c4 c6 2. d4 d5 3. Nf3 Nf6 4. e3 Bf5 5. Be2 e6 6. O-O Nbd7 7. c5 b6 8. b4 a5
9. b5 bxc5 10. bxc6 Nb6 11. Bb5 Qc7 12. dxc5 Bxc5 13. Bb2 O-O 14. a4 Ne8 15.
Nbd2 Nd6 16. Qe2 Rfb8 17. Rfc1 Bb4 18. h3 Bxd2 19. Qxd2 Nbc4 20. Qc3 Nxb2 21.
Qxb2 Bd3 22. Nd4 e5 23. Nf3 Nxb5 24. axb5 f6 25. Qb3 Bc4 26. Rxc4 dxc4 27.
Qxc4+ Kh8 28. Nh4 Qb6 29. Rc1 a4 30. c7 Rc8 31. Qd5 Rf8 32. Qxa8 1-0

[Event "Madrid ch 2002-2003 - Final"]
[Site "Madrid ESP"]
[Date "2003.03.17"]
[Round "6.4"]
[White "De la Fuente Gonzalez, Francisco"]
[Black "Rodriguez Cordon, Luis"]
[Result "0-1"]
[WhiteElo "2227"]
[BlackElo "2207"]
[PlyCount "80"]
[EventDate "2003.03.10"]
[EventType "tourn"]
[EventRounds "11"]
[EventCountry "ESP"]
[EventCategory "1"]
[Source "lmi"]
[SourceDate "2003.03.10"]

1. d4 Nf6 2. Nf3 g6 3. c4 Bg7 4. Nc3 d5 5. cxd5 Nxd5 6. e4 Nxc3 7. bxc3 O-O 8.
Be3 b6 9. Be2 Bb7 10. e5 c5 11. O-O cxd4 12. cxd4 Nc6 13. Qd2 Rc8 14. Rac1 Qd7
15. Ng5 e6 16. f3 Ne7 17. Ne4 Rxc1 18. Rxc1 Rc8 19. Rxc8+ Qxc8 20. Nd6 Qd7 21.
Bd3 Nd5 22. Bh6 Bxh6 23. Qxh6 Qa4 24. Qh4 Bc6 25. Bc4 Qd1+ 26. Kf2 Qd2+ 27. Kg3
Qe1+ 28. Kh3 Qxh4+ 29. Kxh4 Ne3 30. Bb5 Bd5 31. a4 Nxg2+ 32. Kg5 Ne1 33. f4
Nf3+ 34. Kf6 Nxd4 35. Nxf7 a5 36. Bd7 b5 37. axb5 a4 38. Ng5 a3 39. b6 a2 40.
Bxe6+ Nxe6 0-1

[Event "Madrid ch 2002-2003 - Final"]
[Site "Madrid ESP"]
[Date "2003.03.17"]
[Round "6.5"]
[White "Roa Alonso, Santiago"]
[Black "Barez Menendez, Hector"]
[Result "1/2-1/2"]
[WhiteElo "2326"]
[BlackElo "2215"]
[PlyCount "90"]
[EventDate "2003.03.10"]
[EventType "tourn"]
[EventRounds "11"]
[EventCountry "ESP"]
[EventCategory "1"]
[Source "lmi"]
[SourceDate "2003.03.10"]

1. Nf3 Nf6 2. c4 e6 3. d4 d5 4. e3 Be7 5. Nbd2 O-O 6. b3 b6 7. Bd3 Bb7 8. O-O
c5 9. Bb2 Nbd7 10. Qe2 Ne4 11. Rfd1 f5 12. Rac1 Rc8 13. cxd5 exd5 14. dxc5
Ndxc5 15. b4 Nxd3 16. Qxd3 Rxc1 17. Rxc1 Bxb4 18. Nb3 Bd6 19. Nbd4 Qd7 20. Nb5
Bb8 21. Ne5 Qe7 22. f4 Nc5 23. Qd2 Ne4 24. Qc2 a6 25. Nd4 Bd6 26. Qe2 Bc5 27.
Qh5 Nd6 28. Qh3 Bc8 29. Ndc6 Qc7 30. Bd4 Nc4 31. Qg3 Bxd4 32. Nxd4 b5 33. h4
Qd6 34. h5 h6 35. Rc3 Re8 36. a4 Qb4 37. Qg6 Re7 38. Ndc6 Qb1+ 39. Kh2 Re6 40.
Qf7+ Kh7 41. Ng6 Qe1 42. Nce7 Rxe7 43. Qxe7 Nd2 44. Qh4 Nf1+ 45. Kg1 Ng3+
1/2-1/2

[Event "Madrid ch 2002-2003 - Final"]
[Site "Madrid ESP"]
[Date "2003.03.17"]
[Round "6.6"]
[White "Paredes Sanchez, Juan"]
[Black "Solaesa Navalpotro, Luis Julio"]
[Result "0-1"]
[WhiteElo "2182"]
[BlackElo "2188"]
[PlyCount "64"]
[EventDate "2003.03.10"]
[EventType "tourn"]
[EventRounds "11"]
[EventCountry "ESP"]
[EventCategory "1"]
[Source "lmi"]
[SourceDate "2003.03.10"]

1. e4 e5 2. Nf3 Nc6 3. Bb5 d6 4. d4 exd4 5. Nxd4 Bd7 6. Bxc6 bxc6 7. O-O Nf6 8.
Nc3 Be7 9. b3 O-O 10. Bb2 Re8 11. f4 Bf8 12. Qd3 Qb8 13. Rae1 Qb7 14. e5 Nd5
15. Qg3 Nxc3 16. Bxc3 c5 17. Ne2 Bf5 18. Qg5 Bxc2 19. f5 dxe5 20. f6 g6 21.
Bxe5 Bd3 22. Rf3 Bxe2 23. Rxe2 Re6 24. h4 Qd5 25. h5 Rae8 26. hxg6 hxg6 27.
Rfe3 c4 28. bxc4 Qxc4 29. Re4 Qc5+ 30. Kh2 Rxe5 31. Rxe5 Rxe5 32. Rxe5 Bd6 0-1

[Event "Madrid ch 2002-2003 - Final"]
[Site "Madrid ESP"]
[Date "2003.03.18"]
[Round "7.1"]
[White "Solaesa Navalpotro, Luis Julio"]
[Black "Anghel, Valentin"]
[Result "1-0"]
[WhiteElo "2188"]
[BlackElo "2382"]
[PlyCount "81"]
[EventDate "2003.03.10"]
[EventType "tourn"]
[EventRounds "11"]
[EventCountry "ESP"]
[EventCategory "1"]
[Source "lmi"]
[SourceDate "2003.03.10"]

1. d4 Nf6 2. Bg5 e6 3. e4 h6 4. Bxf6 Qxf6 5. Nc3 Bb4 6. Qd2 c5 7. e5 Qe7 8. a3
Ba5 9. b4 cxb4 10. Nb5 O-O 11. axb4 Bb6 12. c4 Nc6 13. c5 Bd8 14. Nd6 b6 15. f4
f6 16. Nf3 fxe5 17. Nxe5 Nxe5 18. fxe5 bxc5 19. dxc5 Qh4+ 20. g3 Qh5 21. Qe2
Qxe2+ 22. Bxe2 Bc7 23. Rf1 Bxd6 24. exd6 Bb7 25. Rxf8+ Kxf8 26. Kd2 Bd5 27. Kc3
e5 28. Rf1+ Kg8 29. Bc4 Bxc4 30. Kxc4 e4 31. Re1 Re8 32. b5 e3 33. Re2 Kf7 34.
Kd5 Kf6 35. c6 Re5+ 36. Kd4 dxc6 37. bxc6 Re6 38. Kd5 Re5+ 39. Kd4 Re6 40. d7
Rd6+ 41. Kc5 1-0

[Event "Madrid ch 2002-2003 - Final"]
[Site "Madrid ESP"]
[Date "2003.03.18"]
[Round "7.2"]
[White "Barez Menendez, Hector"]
[Black "Paredes Sanchez, Juan"]
[Result "1/2-1/2"]
[WhiteElo "2215"]
[BlackElo "2182"]
[PlyCount "99"]
[EventDate "2003.03.10"]
[EventType "tourn"]
[EventRounds "11"]
[EventCountry "ESP"]
[EventCategory "1"]
[Source "lmi"]
[SourceDate "2003.03.10"]

1. Nf3 Nf6 2. c4 g6 3. g3 Bg7 4. Bg2 O-O 5. O-O c6 6. d4 d6 7. Nc3 Qb6 8. b3
Qa5 9. Qd2 Qh5 10. Qg5 Qxg5 11. Bxg5 Re8 12. Rac1 h6 13. Bd2 Na6 14. a3 e5 15.
d5 cxd5 16. cxd5 Nc5 17. b4 Nb3 18. Rb1 Nd4 19. Nxd4 exd4 20. Nb5 Rxe2 21. Bf4
Bf5 22. Rbd1 Bc2 23. Rc1 Ne8 24. Bf3 Bd3 25. Nxd6 Nxd6 26. Rfd1 Nb5 27. Rxd3
Ra2 28. d6 Rd8 29. Bxb7 g5 30. Rc5 gxf4 31. Rxb5 fxg3 32. hxg3 Ra1+ 33. Kg2 Bf8
34. Rxd4 Rxd6 35. Rxd6 Bxd6 36. Bd5 Rxa3 37. Rb7 Ra4 38. Rxf7 Kh8 39. b5 Bc5
40. Bc6 Bb6 41. Rf6 Kg7 42. Rf5 Ra2 43. g4 Rb2 44. Kg3 Rb3+ 45. Kg2 Rb2 46. Kg3
Bc7+ 47. Kg2 Bb6 48. Be4 Re2 49. Bd5 Rb2 50. Bc6 1/2-1/2

[Event "Madrid ch 2002-2003 - Final"]
[Site "Madrid ESP"]
[Date "2003.03.18"]
[Round "7.3"]
[White "Rodriguez Cordon, Luis"]
[Black "Roa Alonso, Santiago"]
[Result "0-1"]
[WhiteElo "2207"]
[BlackElo "2326"]
[PlyCount "83"]
[EventDate "2003.03.10"]
[EventType "tourn"]
[EventRounds "11"]
[EventCountry "ESP"]
[EventCategory "1"]
[Source "lmi"]
[SourceDate "2003.03.10"]

1. d4 Nf6 2. c4 g6 3. Nc3 Bg7 4. e4 d6 5. Nge2 Nc6 6. f3 O-O 7. Be3 a6 8. Qd2
Rb8 9. d5 Ne5 10. Nd4 c5 11. Nc2 b5 12. cxb5 axb5 13. Nxb5 e6 14. dxe6 Bxe6 15.
Nca3 Nxe4 16. fxe4 Qh4+ 17. Kd1 Qxe4 18. Nc3 Qc6 19. Bb5 Qa8 20. h3 d5 21. Bxc5
d4 22. Ne2 Rfc8 23. Bxd4 Rxb5 24. Nxb5 Qa4+ 25. Ke1 Qxb5 26. Bc3 Nd3+ 27. Kf1
Qf5+ 28. Kg1 Qf2+ 29. Kh2 Rxc3 30. Rhf1 Be5+ 31. Kh1 Qh4 32. Ng1 Nxb2 33. Nf3
Qg3 34. Nxe5 Qxe5 35. Rae1 Rxh3+ 36. gxh3 Bd5+ 37. Rf3 Bxf3+ 38. Kg1 Qg3+ 39.
Kf1 Qxh3+ 40. Kg1 Qh1+ 41. Kf2 Qg2+ 42. Ke3 0-1

[Event "Madrid ch 2002-2003 - Final"]
[Site "Madrid ESP"]
[Date "2003.03.18"]
[Round "7.4"]
[White "Perez Gonzalez, Jose Manuel"]
[Black "De la Fuente Gonzalez, Francisco"]
[Result "1-0"]
[WhiteElo "2238"]
[BlackElo "2227"]
[PlyCount "49"]
[EventDate "2003.03.10"]
[EventType "tourn"]
[EventRounds "11"]
[EventCountry "ESP"]
[EventCategory "1"]
[Source "lmi"]
[SourceDate "2003.03.10"]

1. e4 e5 2. Nc3 Nf6 3. f4 d5 4. fxe5 Nxe4 5. d3 Qh4+ 6. g3 Nxg3 7. Nf3 Qh5 8.
Nxd5 Nxh1 9. Nxc7+ Kd8 10. Nxa8 Be7 11. Bg2 Bh4+ 12. Kf1 Bh3 13. Be3 Qg4 14.
Nxh4 Qxh4 15. Qf3 Bxg2+ 16. Qxg2 Qb4 17. Bxa7 Nd7 18. Kg1 Qxb2 19. Rf1 Re8 20.
Kxh1 Rxe5 21. Bg1 Re6 22. Rxf7 Qb5 23. Rxg7 Qa6 24. Rg8+ Ke7 25. Nc7 1-0

[Event "Madrid ch 2002-2003 - Final"]
[Site "Madrid ESP"]
[Date "2003.03.18"]
[Round "7.5"]
[White "Almagro Llanas, Pablo"]
[Black "Rodriguez Gonzalez, Jose Manuel"]
[Result "1/2-1/2"]
[WhiteElo "2345"]
[BlackElo "2159"]
[PlyCount "61"]
[EventDate "2003.03.10"]
[EventType "tourn"]
[EventRounds "11"]
[EventCountry "ESP"]
[EventCategory "1"]
[Source "lmi"]
[SourceDate "2003.03.10"]

1. e4 e6 2. d4 d5 3. e5 c5 4. c3 Qb6 5. Nf3 Bd7 6. a3 a5 7. Be2 a4 8. O-O Nc6
9. dxc5 Bxc5 10. c4 Nge7 11. Nc3 Nd4 12. Nxd4 Bxd4 13. cxd5 Nxd5 14. Nxd5 exd5
15. Bd3 O-O 16. Bf4 Rfe8 17. Rb1 g6 18. Qf3 Bxe5 19. Qxd5 Bc6 20. Qc4 Qc7 21.
Bxe5 Qxe5 22. Rfd1 Rad8 23. Qc3 Qd5 24. f3 Re3 25. Bf1 Rxc3 26. Rxd5 Rxd5 27.
bxc3 Rd2 28. Bb5 Ra2 29. Bxc6 bxc6 30. Rb6 Rxa3 31. Rxc6 1/2-1/2

[Event "Madrid ch 2002-2003 - Final"]
[Site "Madrid ESP"]
[Date "2003.03.18"]
[Round "7.6"]
[White "Vazquez Igarza, Renier"]
[Black "Longa Yauca, Javier"]
[Result "1-0"]
[WhiteElo "2428"]
[BlackElo "2354"]
[PlyCount "107"]
[EventDate "2003.03.10"]
[EventType "tourn"]
[EventRounds "11"]
[EventCountry "ESP"]
[EventCategory "1"]
[Source "lmi"]
[SourceDate "2003.03.10"]

1. e4 e5 2. Nf3 Nf6 3. Nxe5 d6 4. Nf3 Nxe4 5. d4 d5 6. Bd3 Bd6 7. O-O O-O 8. c4
c6 9. cxd5 cxd5 10. Nc3 Nxc3 11. bxc3 Nc6 12. Ng5 h6 13. Qh5 f5 14. Nh3 Qf6 15.
Bf4 Bd7 16. Rab1 Na5 17. Qf3 Bc6 18. Qg3 Bxf4 19. Nxf4 Rae8 20. Ng6 Rf7 21. Ne5
Rff8 22. Rfe1 Qg5 23. Ng6 Qd2 24. Red1 Qxa2 25. Nxf8 Rxf8 26. Qe5 Nc4 27. Qe6+
Kh8 28. Bxf5 Nd6 29. Qxd6 Rxf5 30. Qg3 a5 31. Ra1 Qc2 32. Re1 a4 33. h4 Rf7 34.
Re5 a3 35. Ree1 a2 36. Qe3 Bb5 37. f3 Rf6 38. Qf2 Qxf2+ 39. Kxf2 Bc4 40. Re8+
Kh7 41. Ra8 Ra6 42. Rxa6 bxa6 43. Ke3 Kg6 44. Kd2 Kf5 45. g3 h5 46. Kc2 Be2 47.
Rxa2 Bxf3 48. Rxa6 Be4+ 49. Kd2 Kg4 50. Ke3 Kxg3 51. c4 Kxh4 52. cxd5 Bxd5 53.
Rg6 Ba2 54. Kf3 1-0

[Event "Madrid ch 2002-2003 - Final"]
[Site "Madrid ESP"]
[Date "2003.03.19"]
[Round "8.1"]
[White "Anghel, Valentin"]
[Black "Longa Yauca, Javier"]
[Result "0-1"]
[WhiteElo "2382"]
[BlackElo "2354"]
[PlyCount "62"]
[EventDate "2003.03.10"]
[EventType "tourn"]
[EventRounds "11"]
[EventCountry "ESP"]
[EventCategory "1"]
[Source "lmi"]
[SourceDate "2003.03.10"]

1. e4 e6 2. d4 d5 3. Nd2 c5 4. exd5 Qxd5 5. Ngf3 Nc6 6. Bc4 Qh5 7. Nb3 Nf6 8.
O-O cxd4 9. Nbxd4 Nxd4 10. Nxd4 Qxd1 11. Rxd1 Bd7 12. Nb5 Rc8 13. b3 a6 14.
Nd6+ Bxd6 15. Rxd6 O-O 16. Bb2 Bc6 17. Bxf6 gxf6 18. a4 Kg7 19. Rd4 f5 20. Re1
Rfd8 21. Rxd8 Rxd8 22. f3 Kf6 23. Kf2 h5 24. Ke2 h4 25. g4 fxg4 26. fxg4 Rd4
27. Rf1+ Ke7 28. Ke3 Rxg4 29. Rf4 f5 30. Rxg4 fxg4 31. Kf4 g3 0-1

[Event "Madrid ch 2002-2003 - Final"]
[Site "Madrid ESP"]
[Date "2003.03.19"]
[Round "8.2"]
[White "Rodriguez Gonzalez, Jose Manuel"]
[Black "Vazquez Igarza, Renier"]
[Result "0-1"]
[WhiteElo "2159"]
[BlackElo "2428"]
[PlyCount "78"]
[EventDate "2003.03.10"]
[EventType "tourn"]
[EventRounds "11"]
[EventCountry "ESP"]
[EventCategory "1"]
[Source "lmi"]
[SourceDate "2003.03.10"]

1. d4 Nf6 2. Bg5 d5 3. Bxf6 exf6 4. e3 Bd6 5. Nd2 O-O 6. g3 f5 7. Bg2 c6 8. Ne2
Nd7 9. O-O Nf6 10. c4 dxc4 11. Nxc4 Bc7 12. Qc2 Qe7 13. a3 Be6 14. Nd2 Rad8 15.
b4 Rfe8 16. Rfb1 Bd6 17. Nc4 Bb8 18. Na5 a6 19. a4 Ne4 20. b5 Qc7 21. Nb3 axb5
22. axb5 cxb5 23. Bxe4 fxe4 24. Qxc7 Bxc7 25. Nc5 Bc4 26. Nc3 b6 27. Na6 Bb8
28. Nxb5 Bd3 29. Rb2 Rc8 30. Kg2 g6 31. g4 Red8 32. Nxb8 Rxb8 33. Ra7 h5 34.
Kg3 hxg4 35. Kxg4 Rbc8 36. Rb7 Rc1 37. Rxb6 Rg1+ 38. Kf4 Rd5 39. h4 Rf5# 0-1

[Event "Madrid ch 2002-2003 - Final"]
[Site "Madrid ESP"]
[Date "2003.03.19"]
[Round "8.3"]
[White "De la Fuente Gonzalez, Francisco"]
[Black "Almagro Llanas, Pablo"]
[Result "1/2-1/2"]
[WhiteElo "2227"]
[BlackElo "2345"]
[PlyCount "92"]
[EventDate "2003.03.10"]
[EventType "tourn"]
[EventRounds "11"]
[EventCountry "ESP"]
[EventCategory "1"]
[Source "lmi"]
[SourceDate "2003.03.10"]

1. d4 d5 2. c4 c6 3. cxd5 cxd5 4. Nc3 Nc6 5. Nf3 Nf6 6. Bf4 a6 7. e3 Bg4 8. Be2
e6 9. O-O Bb4 10. Rc1 O-O 11. Ne5 Nxe5 12. Bxe5 Bxe2 13. Qxe2 Nd7 14. Qg4 Nxe5
15. dxe5 Qb6 16. Ne2 Rfc8 17. Qd4 Bc5 18. Qd2 Rc6 19. Nd4 Bxd4 20. Rxc6 Qxc6
21. exd4 Rc8 22. h3 Qc4 23. b3 Qc3 24. Rd1 Qxd2 25. Rxd2 Rc1+ 26. Kh2 Kf8 27.
Kg3 Ke7 28. Kf3 f6 29. exf6+ gxf6 30. Ke2 Kd6 31. f4 e5 32. fxe5+ fxe5 33.
dxe5+ Kxe5 34. Kd3 d4 35. Re2+ Kd5 36. Re7 Rd1+ 37. Ke2 Ra1 38. Rxb7 Rxa2+ 39.
Kf3 h5 40. Rh7 Kc5 41. Rxh5+ Kb4 42. Rd5 Kc3 43. h4 d3 44. h5 Ra1 45. Rc5+ Kxb3
46. Ke3 d2 1/2-1/2

[Event "Madrid ch 2002-2003 - Final"]
[Site "Madrid ESP"]
[Date "2003.03.19"]
[Round "8.4"]
[White "Roa Alonso, Santiago"]
[Black "Perez Gonzalez, Jose Manuel"]
[Result "1-0"]
[WhiteElo "2326"]
[BlackElo "2238"]
[PlyCount "39"]
[EventDate "2003.03.10"]
[EventType "tourn"]
[EventRounds "11"]
[EventCountry "ESP"]
[EventCategory "1"]
[Source "lmi"]
[SourceDate "2003.03.10"]

1. e4 c5 2. Nf3 d6 3. d4 cxd4 4. Nxd4 Nf6 5. Nc3 e6 6. g4 Nc6 7. g5 Nd7 8. Be3
Be7 9. h4 O-O 10. Qh5 a6 11. O-O-O Nxd4 12. Bxd4 b5 13. Rg1 b4 14. Nd5 exd5 15.
f4 Re8 16. f5 g6 17. Qg4 Bf8 18. h5 Rxe4 19. hxg6 fxg6 20. Qxe4 1-0

[Event "Madrid ch 2002-2003 - Final"]
[Site "Madrid ESP"]
[Date "2003.03.19"]
[Round "8.5"]
[White "Paredes Sanchez, Juan"]
[Black "Rodriguez Cordon, Luis"]
[Result "0-1"]
[WhiteElo "2182"]
[BlackElo "2207"]
[PlyCount "60"]
[EventDate "2003.03.10"]
[EventType "tourn"]
[EventRounds "11"]
[EventCountry "ESP"]
[EventCategory "1"]
[Source "lmi"]
[SourceDate "2003.03.10"]

1. e4 c5 2. Nf3 Nc6 3. Nc3 g6 4. d4 cxd4 5. Nxd4 Bg7 6. Be3 Nf6 7. Bc4 Qa5 8.
O-O O-O 9. Bb3 d6 10. h3 Bd7 11. Re1 Qh5 12. Qxh5 Nxh5 13. Rad1 Nf6 14. Nd5
Nxd5 15. exd5 Nxd4 16. Bxd4 Rfe8 17. c3 Bxd4 18. Rxd4 Kf8 19. Rh4 h5 20. Rhe4
a5 21. a3 Rac8 22. Kh2 Rc5 23. Kg3 Bf5 24. R4e3 b5 25. f3 Rc7 26. Kh4 f6 27. g4
g5+ 28. Kxh5 Bc2 29. Bxc2 Kg7 30. Bh7 e5 0-1

[Event "Madrid ch 2002-2003 - Final"]
[Site "Madrid ESP"]
[Date "2003.03.19"]
[Round "8.6"]
[White "Solaesa Navalpotro, Luis Julio"]
[Black "Barez Menendez, Hector"]
[Result "1/2-1/2"]
[WhiteElo "2188"]
[BlackElo "2215"]
[PlyCount "42"]
[EventDate "2003.03.10"]
[EventType "tourn"]
[EventRounds "11"]
[EventCountry "ESP"]
[EventCategory "1"]
[Source "lmi"]
[SourceDate "2003.03.10"]

1. d4 d5 2. c4 e6 3. Nc3 c6 4. e3 Bd6 5. Nf3 f5 6. g3 Nf6 7. Bg2 O-O 8. O-O Ne4
9. Qc2 b6 10. b3 Bb7 11. Bb2 a5 12. Rac1 Na6 13. Rfd1 Qe7 14. Ne2 a4 15. Nf4
Nb4 16. Qb1 axb3 17. axb3 Na2 18. Rc2 Bxf4 19. exf4 Qb4 20. Rd3 Qa5 21. Re3 Nb4
1/2-1/2

[Event "Madrid ch 2002-2003 - Final"]
[Site "Madrid ESP"]
[Date "2003.03.20"]
[Round "9.1"]
[White "Barez Menendez, Hector"]
[Black "Anghel, Valentin"]
[Result "1/2-1/2"]
[WhiteElo "2215"]
[BlackElo "2382"]
[PlyCount "141"]
[EventDate "2003.03.10"]
[EventType "tourn"]
[EventRounds "11"]
[EventCountry "ESP"]
[EventCategory "1"]
[Source "lmi"]
[SourceDate "2003.03.10"]

1. Nf3 Nf6 2. c4 e6 3. g3 d5 4. b3 Be7 5. Bg2 O-O 6. Bb2 b6 7. O-O Bb7 8. cxd5
exd5 9. d4 Nbd7 10. Nc3 Re8 11. Rc1 c6 12. Qd3 Bb4 13. Nh4 Qe7 14. Nf5 Qf8 15.
Rc2 Rac8 16. Nb1 b5 17. Nd2 g6 18. Ne3 a5 19. Nf3 Bd6 20. Bh3 Ra8 21. Rfc1 Qh6
22. Bg2 Rac8 23. Ne5 Nxe5 24. dxe5 Bxe5 25. Bxe5 Rxe5 26. Qc3 Rce8 27. Qxa5
Rxe3 28. fxe3 Qxe3+ 29. Kh1 Ng4 30. Bf3 Nf2+ 31. Kg2 Bc8 32. Qc3 Bh3+ 33. Kg1
Nd3+ 34. Kh1 Nf2+ 35. Kg1 Nd3+ 36. Kh1 Nxc1 37. Qxe3 Rxe3 38. Rxc1 Bd7 39. Kg1
b4 40. Kf2 Re8 41. Rd1 f5 42. Rd4 Rb8 43. Ke3 Kf7 44. Rh4 h5 45. Rd4 Kf6 46. h4
Ke5 47. Rd2 Be6 48. Rc2 Rb6 49. Rc5 Ra6 50. Rc2 d4+ 51. Kd3 Bd5 52. Bxd5 Kxd5
53. e3 dxe3 54. Kxe3 c5 55. Kf4 Re6 56. Rd2+ Kc6 57. Kg5 c4 58. bxc4 Kc5 59.
Rc2 Re3 60. Rg2 Re6 61. Rc2 Re3 62. Rg2 Re6 63. Rc2 Ra6 64. Kh6 Ra3 65. Rg2 Ra6
66. Rc2 Rd6 67. Kg5 Rd3 68. Rg2 Rd6 69. Rc2 Ra6 70. Kh6 Rd6 71. Kg5 1/2-1/2

[Event "Madrid ch 2002-2003 - Final"]
[Site "Madrid ESP"]
[Date "2003.03.20"]
[Round "9.2"]
[White "Rodriguez Cordon, Luis"]
[Black "Solaesa Navalpotro, Luis Julio"]
[Result "1/2-1/2"]
[WhiteElo "2207"]
[BlackElo "2188"]
[PlyCount "129"]
[EventDate "2003.03.10"]
[EventType "tourn"]
[EventRounds "11"]
[EventCountry "ESP"]
[EventCategory "1"]
[Source "lmi"]
[SourceDate "2003.03.10"]

1. d4 Nf6 2. c4 c5 3. d5 b5 4. cxb5 a6 5. b6 e6 6. Nc3 Nxd5 7. Nxd5 exd5 8.
Qxd5 Nc6 9. Nf3 Rb8 10. Ne5 Qf6 11. Nxc6 dxc6 12. Qe4+ Qe6 13. Qxe6+ Bxe6 14.
Bd2 Rxb6 15. Bc3 c4 16. a3 f6 17. e3 Bd6 18. Rc1 Kf7 19. Be2 Bd5 20. O-O Ke6
21. Rfd1 Be5 22. e4 Bxe4 23. Bxc4+ Bd5 24. Bxe5 fxe5 25. b4 Ra8 26. Bxd5+ cxd5
27. Rc7 Rg8 28. Rdc1 Kd6 29. Ra7 h6 30. Rcc7 g5 31. Rd7+ Ke6 32. Rf7 Rg6 33.
Rf8 Rf6 34. Re8+ Kd6 35. Raa8 e4 36. Rad8+ Kc6 37. Re5 Rd6 38. Rc8+ Kd7 39. Rc5
Rbc6 40. Rxc6 Kxc6 41. a4 a5 42. bxa5 Kc5 43. Kf1 Kd4 44. Re8 Ra6 45. Ke2 Rxa5
46. Re6 Rxa4 47. Rxh6 Ra2+ 48. Kf1 Kd3 49. g4 d4 50. Rg6 e3 51. fxe3 dxe3 52.
Rd6+ Ke4 53. Rh6 Kf4 54. Rh3 Rf2+ 55. Ke1 Rg2 56. Rh8 Kxg4 57. Re8 Rxh2 58.
Rxe3 Kf4 59. Ra3 g4 60. Kf1 Rb2 61. Kg1 Kg5 62. Kh1 Kh4 63. Kg1 Rc2 64. Rb3 g3
65. Rb8 1/2-1/2